000 00996nam a22002657a 4500
001 9620
003 FISKH
005 20260126115624.0
008 260126b cb ||||| |||| 00| 0 eng d
020 _a9781407140391
040 _aFISKH
_beng
_cFISKH
_dFISKH
050 _aPZ7.7 .P53 .D
082 _a741.5
100 _aPilkey , Dav
245 _aDog man /
_cWritten and illustrated by Dav Pilkey as George Beard and Harold Hutchins with color by Jose Garibaldi
260 _aNew York :
_bScholastic ,
_c2016 .
300 _a231 pages :
_bcolor illustrations ;
_c21 cm .
490 _aDog man
_v1
520 _aGeorge and Harold create a new comic book hero in Dog Man, a crimefighter with the head of a police dog and the body of a policeman, who faces off against his archnemesis Petey the cat.
650 _aPolice
_vGraphic Novels & Comics
650 _aSuperheroes
_vGraphic Novels & Comics
700 _aGaribaldi , Jose
_eIllustrator
942 _2ddc
_cBK
_n0
999 _c9620
_d9620